| 000 | 00346nam a2200145Ia 4500 | ||
|---|---|---|---|
| 005 | 20251222144643.0 | ||
| 008 | 251222s9999||||xx |||||||||||||| ||spa|| | ||
| 020 | _a980-07-1167-8 | ||
| 082 | _a340.948/V21 | ||
| 100 | _aValencia, Beatriz | ||
| 245 | 0 | _aLegislación sobre Suecia | |
| 250 | _a2a. ed. | ||
| 264 | _bTex Publicidad | ||
| 942 | _cLIB | ||
| 999 |
_c16751 _d16751 |
||